I can remember Robert Louis Stevenson

I tiakina i:
Ngā taipitopito rārangi puna kōrero
Kaituhi matua: Masson, Rosaline (autora)
Hōputu: Pukapuka
Reo:Ingarihi
I whakaputaina: Edimburgo W. and R. Chambers Limited 1922
Putanga:1a. ed
Ngā marau:
Ngā Tūtohu: Tāpirihia he Tūtohu
Kāore He Tūtohu, Me noho koe te mea tuatahi ki te tūtohu i tēnei pūkete!

MARC

LEADER 00000cam a2200000 a 4500
001 UCD7725
003 CL-VaPUC
008 170407e19220000uk |||||||||||||||||eng|d
082 0 4 |a 823  |b MAS  |2 21 
100 |a Masson, Rosaline  |e autora  |9 591718 
245 1 0 |a I can remember Robert Louis Stevenson 
250 |a 1a. ed 
300 |a 292 p 
942 |c BK 
945 |d 20170407 16:56:00  |a dcastane 
260 |a Edimburgo  |b W. and R. Chambers Limited  |c 1922 
650 7 |a NOVELA INGLESA  |2 CL-VaPUC  |9 309260 
650 0 |a Crítica literaria   |9 269189 
650 0 |a Crítica e interpretación   |9 255042 
650 0 |a Literatura inglesa  |9 312907 
583 |a last modification  |c 20170407 16:56:00  |k Rodrigo Vera 
999 |c 367676  |d 367674 
952 |0 0  |1 0  |3 erd  |4 0  |6 823_000000000000000_MAS_1922  |7 0  |8 A  |9 482694  |a BIBART  |b BIBART  |i 5386470  |o 823 MAS 1922  |p 5386470  |r 2025-03-13  |w 2019-11-24  |y BK  |z Catalogado en:20170407  |k ART